Příběh nového já /
Příběh mladého muže, který v dnešní době hledá smysl a odvahu.
Uloženo v:
| Hlavní autor: | |
|---|---|
| Médium: | E-kniha |
| Jazyk: | Czech |
| Vydáno: |
Praha :
Pointa,
2026
|
| Vydání: | První vydání |
| Témata: | |
| Tagy: |
Žádné tagy |
| LEADER | 01941nam a2200385 i 4500 | ||
|---|---|---|---|
| 001 | 303817 | ||
| 003 | CZ PrSKC | ||
| 005 | 20260521185042.0 | ||
| 007 | ta | ||
| 008 | 260513s2026 xr g 000 j cze | ||
| 015 | |a cnb003757720 | ||
| 020 | |a 9788026751489 |q (brožováno) : |c Kč 229,00 | ||
| 040 | |a ABG001 |b cze |e rda | ||
| 072 | 7 | |a 821.162.3-3 |x Česká próza |2 Konspekt | |
| 080 | |a 821.162.3-3 |2 MRF | ||
| 080 | |a (0:82-321.1) |2 MRF | ||
| 100 | 1 | |a Bednář, Jakub, |d 1993- |7 xx0345323 |4 aut | |
| 245 | 1 | 0 | |a Příběh nového já / |c Jakub Bednář |
| 250 | |a První vydání | ||
| 264 | 1 | |a Praha : |b Pointa, |c 2026 | |
| 300 | |a 139 stran ; |c 20 cm | ||
| 336 | |a text |b txt |2 rdacontent | ||
| 337 | |a bez média |b n |2 rdamedia | ||
| 338 | |a svazek |b nc |2 rdacarrier | ||
| 520 | 2 | |a Příběh mladého muže, který v dnešní době hledá smysl a odvahu. |b Společně s ním se vydáte po střípcích jeho života - od dětství a bujarého dospívání přes závislosti a ztráty až k odvaze, lásce a přijetí jednoty. Poputujete spolu pouští, zažijete rituálny potních chýší i mužské kruhy a skrze jeho autentickou zkušenost si můžete klást otázky k vlastní sebereflexi. Nakladatelská anotace. Kráceno. | |
| 655 | 7 | |a české prózy |7 fd133972 |2 czenas | |
| 655 | 7 | |a psychologické prózy |7 fd293299 |2 czenas | |
| 655 | 9 | |a Czech prose |2 eczenas | |
| 655 | 9 | |a psychological prose |2 eczenas | |
| 710 | 2 | |a Pointa Publishing |7 xx0245430 |4 pbl | |
| 900 | |a ABG001 |b 18 | ||
| 044 | |a xr | ||
| 910 | |a RBIT002 | ||
| 998 | |d 427307 |a https://core.palmknihy.cz/api/books/427307/cover?tfdpv9 |b https://core.palmknihy.cz/api/books/427307/cover/400?tfdpv9 |c https://core.palmknihy.cz/api/books/427307/cover/50?tfdpv9 |e 2030-09-10 |g 144 |i 9788026751489 |j https://core.palmknihy.cz/api/books/427307/preview.epub |k https://core.palmknihy.cz/api/books/427307/preview.pdf |l |q 49 |r 1 |s https://www.palmknihy.cz/kniha/427307 |t ebook |y 2026 |z 0 | ||
| 999 | |d 303815 | ||